000 00314nam a2200133 i 4500
001 bg
100 1 _aMOKRZYCKI, W.
245 0 _aEncyklopedia przetwarzania obrazów /
_cW. Mokrzycki.
260 _aWarszawa,
_c1992.
040 _cBPK
041 _apol
942 _cKS
008 s pl f |000 0 pol
999 _c29753
_d29753
856 _uhttp://koha.tu.koszalin.pl/cgi-bin/koha/opac-detail.pl?biblionumber=29753
_yKatalog online BPK